ARRUPE JESUIT UNIVERSITY

CORONAVIRUS -STOP THE SPREAD - CLEAN,DISINFECT,COVER

The Book of Daniel (Record no. 27276)

MARC details
000 -LEADER
fixed length control field 00612nam a2200229Ia 4500
003 - CONTROL NUMBER IDENTIFIER
control field 0100
005 - DATE AND TIME OF LATEST TRANSACTION
control field 20161220082034.0
008 - FIXED-LENGTH DATA ELEMENTS--GENERAL INFORMATION
fixed length control field 130303s9999 xx 000 0 und d
020 ## - INTERNATIONAL STANDARD BOOK NUMBER
International Standard Book Number 0385013221
040 ## - CATALOGING SOURCE
Transcribing agency ARRUPELIB
050 ## - LIBRARY OF CONGRESS CALL NUMBER
Classification number REF. BS192.2.A11964.G3
100 ## - MAIN ENTRY--PERSONAL NAME
Personal name Hartman , Louis F
9 (RLIN) 28099
245 #4 - TITLE STATEMENT
Title The Book of Daniel
250 ## - EDITION STATEMENT
Edition statement 1st ed.
260 ## - PUBLICATION, DISTRIBUTION, ETC. (IMPRINT)
Place of publication, distribution, etc New york
260 ## - PUBLICATION, DISTRIBUTION, ETC. (IMPRINT)
Name of publisher, distributor, etc Doubleday & Co.
300 ## - PHYSICAL DESCRIPTION
Extent 345p
440 ## - SERIES STATEMENT/ADDED ENTRY--TITLE
Title The anchor bible series ; v .23
9 (RLIN) 28100
650 ## - SUBJECT ADDED ENTRY--TOPICAL TERM
Topical term or geographic name as entry element Bible O.T.
General subdivision Daniel
-- Commentaries
9 (RLIN) 28101
700 ## - ADDED ENTRY--PERSONAL NAME
Personal name Di Lella , Alexander A
9 (RLIN) 28102
942 ## - ADDED ENTRY ELEMENTS (KOHA)
Source of classification or shelving scheme Library of Congress Classification
Koha item type Monograph ( Printed materials)
Holdings
Withdrawn status Lost status Source of classification or shelving scheme Damaged status Not for loan Collection code Home library Current library Shelving location Date acquired Total Checkouts Full call number Barcode Date last seen Copy number Price effective from Koha item type
    Library of Congress Classification     Main Collection ARRUPE LIBRARY ARRUPE LIBRARY Main Collection 04/03/2013   BS1555.3.H333 46500021148 04/03/2013 1 04/03/2013 Monograph ( Printed materials)

 

Arrupe Library. PO Box MP320 Mt Pleasant, Harare, Zimbabwe
263 242 745411|librarian@aju.ac.zw